Social Security Survivors Benefits.

Describes how a person becomes covered by Social Security Survivors Insurance. Outlines types and amounts of benefits available to survivors, eligibility for those benefits, and the benefit application process. Provides statistics on survivor beneficiaries and a legislative history of Survivors Insu...

Full description

Bibliographic Details
Corporate Authors: Library of Congress. Congressional Research Service, ProQuest (Firm)
Format: eBook
Language:English
Published: [Place of publication not identified] : [publisher not identified], 2005.
Series:U.S. Congressional Research.
Subjects:
Online Access:Connect to the full text of this electronic book

MARC

Tag First Indicator Second Indicator Subfields
LEADER 00000cam a22000001a 4500
001 in00003315113
006 m d f
007 cr bn mmmapmmp
008 101203s2005 dcu o f000 0 eng d
005 20260430201710.6
035 |a cis2007847982 
040 |a ProQuest  |c ProQuest  |d UtOrBLW 
043 |a n-us--- 
099 |a CRS-2005-DSP-0112 
110 2 |a Library of Congress.  |b Congressional Research Service. 
245 1 0 |a Social Security Survivors Benefits. 
264 1 |a [Place of publication not identified] :  |b [publisher not identified],  |c 2005. 
300 |a 1 online resource. 
336 |a text  |b txt  |2 rdacontent 
337 |a computer  |b c  |2 rdamedia 
338 |a online resource  |b cr  |2 rdacarrier 
500 |a Record is based on bibliographic data in ProQuest U.S. Congressional Research Digital Collection (last viewed Dec. 2010). Reuse except for individual research requires license from ProQuest, LLC. 
500 |a CRS Report. 
520 |a Describes how a person becomes covered by Social Security Survivors Insurance. Outlines types and amounts of benefits available to survivors, eligibility for those benefits, and the benefit application process. Provides statistics on survivor beneficiaries and a legislative history of Survivors Insurance, including legislative activity in the 109th Congress. 
500 |a Electronic resource. 
650 0 |a Insurance. 
650 0 |a Legislative histories. 
650 0 |a Social security. 
655 7 |a Electronic books.  |2 local 
710 2 |a ProQuest (Firm) 
776 0 8 |i Microfiche version:   |a Library of Congress. Congressional Research Service.  |t Social Security Survivors Benefits 
830 0 |a U.S. Congressional Research. 
856 4 0 |u http://proxy.library.tamu.edu/login?url=https://congressional.proquest.com/congcomp/getdoc?CRDC-ID=CRS-2005-DSP-0112  |z Connect to the full text of this electronic book  |t 0 
999 |a MARS 
999 f f |s 5bcd506e-deb8-3984-8a9f-d7b412271913  |i a687cffc-1fb2-3416-9772-9e4b81f520c4  |t 0 
952 f f |a Texas A&M University  |b College Station  |c Electronic Resources  |s www_evans  |d Available Online  |t 0  |e CRS-2005-DSP-0112  |h Other scheme 
998 f f |a CRS-2005-DSP-0112  |t 0  |l Available Online